[Event "Titled Tue 26th Aug Early"]
[Site "chess.com INT"]
[Date "2025.08.26"]
[Round "6"]
[White "Gabrielian, Artur"]
[Black "Williams, Simon K"]
[Result "1-0"]
[WhiteTitle "GM"]
[BlackTitle "GM"]
[WhiteElo "2407"]
[BlackElo "2444"]
[WhiteFideId "4131002"]
[BlackFideId "404454"]
[EventDate "2025.08.26"]

1. Nf3 f5 2. g3 Nf6 3. Bg2 d6 4. O-O e5 5. d3 Be7 6. c4 O-O 7. c5 Kh8 8. cxd6
Bxd6 9. Nc3 c6 10. b3 Qe8 11. Bb2 Qh5 12. d4 e4 13. Ne5 Be6 14. e3 Qh6 15. Nc4
Bc7 16. Ba3 Rd8 17. Qe2 Na6 18. Ne5 Nd5 19. Nxd5 Bxd5 20. f4 exf3 21. Bxf3 Bxe5
22. dxe5 Qe6 23. Bd6 Rd7 24. Rad1 Nc7 25. e4 fxe4 26. Bxe4 Bxe4 27. Qxe4 Nd5 28.
Rde1 Re8 29. Rf2 Kg8 30. Kg2 Nb6 31. Qf3 Rf7 32. Qxf7+ Qxf7 33. Rxf7 Kxf7 34.
Bc5 Rd8 35. e6+ Kf6 36. e7 Re8 37. g4 Nc8 38. Rf1+ Ke6 39. Re1+ Kd7 40. Rd1+ Kc7
41. Rf1 b6 42. Ba3 c5 43. b4 Rxe7 44. bxc5 Rd7 45. cxb6+ Nxb6 46. Bc5 Kc6 47.
Bf2 Nd5 48. Rc1+ Kb5 49. Kg3 a5 50. Rc5+ Kb4 51. Rc6 a4 52. Rc8 Ka3 53. Ra8 Rc7
54. Bd4 1-0

[Event "Titled Tue 26th Aug Early"]
[Site "chess.com INT"]
[Date "2025.08.26"]
[Round "6"]
[White "Li, Yilin"]
[Black "Ljukin, Sergei"]
[Result "0-1"]
[WhiteTitle "WFM"]
[BlackTitle "FM"]
[WhiteElo "1921"]
[BlackElo "2362"]
[WhiteFideId "8610410"]
[BlackFideId "14102200"]
[EventDate "2025.08.26"]

1. c4 c6 2. d4 d5 3. cxd5 cxd5 4. Nc3 Nf6 5. Nf3 Nc6 6. e3 Bf5 7. Bb5 Bd7 8. O-O
e6 9. b3 Bd6 10. Bb2 O-O 11. Re1 Rc8 12. Rc1 a6 13. Bd3 b5 14. e4 dxe4 15. Nxe4
Nxe4 16. Bxe4 Nb4 17. Bb1 Nd5 18. Qd3 g6 19. Ne5 Be8 20. Ng4 Qg5 21. Qf3 Bc6 22.
Qh3 Nf4 23. Nh6+ Kg7 24. d5+ f6 25. Qg4 Qxg4 26. Nxg4 Bxd5 27. Rxc8 Rxc8 28.
Nxf6 Kf7 29. Nxd5 Nxd5 30. Be4 Bb4 31. Rc1 Rxc1+ 32. Bxc1 Nc3 33. Bd2 Nxa2 34.
Bxb4 Nxb4 35. Kf1 Kf6 36. f4 a5 37. Ke2 a4 38. bxa4 bxa4 39. Kd2 a3 40. Kc3 a2
41. Kb2 Ke7 42. g4 Kd6 43. h4 Kc5 44. h5 gxh5 45. g5 Kd6 46. Bxh7 Ke7 47. Be4 h4
48. Bg2 Nd3+ 49. Kxa2 Nxf4 50. Bh1 h3 51. Kb3 Ne2 52. Kc2 Ng3 53. Bf3 h2 54. Kd3
h1=Q 55. Bxh1 Nxh1 56. Ke4 Ng3+ 57. Ke5 Nf5 58. g6 Ng7 59. Ke4 Kf6 60. Kf4 Kxg6
61. Ke5 Kf7 62. Kd6 Kf6 63. Kc5 Kf5 64. Kd4 Kf4 65. Kd3 e5 66. Ke2 e4 67. Ke1 e3
68. Ke2 Ke4 69. Ke1 Kf3 70. Kf1 Nf5 71. Ke1 e2 72. Kd2 Kf2 0-1

[Event "Titled Tue 26th Aug Early"]
[Site "chess.com INT"]
[Date "2025.08.26"]
[Round "6"]
[White "Ivannikov, Maksim"]
[Black "Jimenez Salas, Maria Teresa"]
[Result "0-1"]
[WhiteTitle "CM"]
[BlackTitle "WIM"]
[WhiteElo "2100"]
[BlackElo "2249"]
[WhiteFideId "34275339"]
[BlackFideId "3843866"]
[EventDate "2025.08.26"]

1. e4 c5 2. Nf3 Nc6 3. d4 cxd4 4. Nxd4 Nf6 5. Nc3 d6 6. Bg5 e6 7. Qd2 a6 8.
O-O-O Bd7 9. f4 h6 10. Bxf6 Qxf6 11. Nf3 Qd8 12. Bd3 Qc7 13. Kb1 O-O-O 14. Rhe1
Be7 15. Ne2 Kb8 16. Ned4 Nxd4 17. Nxd4 Bf6 18. Nb3 Bc6 19. Qb4 d5 20. exd5 Bxd5
21. Nc5 Ka8 22. Ne4 Be7 23. Qa4 Rc8 24. Nc3 Bxg2 25. Re5 Bc6 26. Qb3 Bf6 27. Rc5
Rhd8 28. a3 Qd6 29. Qb6 Bd4 30. b4 Bxc5 31. bxc5 Qxf4 32. Qb2 Qc7 33. Qb4 Bd5
34. Kb2 Qxc5 35. Qxc5 Rxc5 36. Rf1 f5 37. Rg1 g5 38. Ne2 Bc4 39. Rg3 Bxd3 40.
cxd3 Re5 41. Nc3 f4 42. Rh3 Rh8 43. Ne4 h5 44. Rf3 Rf5 45. Nd6 Rff8 46. Nc4 g4
47. Rf1 g3 48. Ne5 g2 49. Rg1 f3 50. Nxf3 Rxf3 51. Rxg2 h4 52. Kc3 h3 53. Re2
Rd8 54. Rxe6 Rdxd3+ 55. Kb4 Rxa3 56. Kc5 Ka7 57. Rh6 Ra2 58. Kd6 Rxh2 59. Kc7
Rc2+ 60. Kd6 h2 61. Rh8 Rf1 62. Rxh2 Rxh2 63. Kc7 Re2 64. Kd6 Rd1+ 65. Kc7 Rc2# 0-1

[Event "Titled Tue 26th Aug Early"]
[Site "chess.com INT"]
[Date "2025.08.26"]
[Round "6"]
[White "Buksa, Nataliya"]
[Black "Auribault, Louis"]
[Result "0-1"]
[WhiteTitle "IM"]
[BlackTitle "FM"]
[WhiteElo "2400"]
[BlackElo "2113"]
[WhiteFideId "14123622"]
[BlackFideId "45196591"]
[EventDate "2025.08.26"]

1. d4 Nf6 2. Nf3 g6 3. Nc3 Bg7 4. e4 d6 5. Bf4 O-O 6. Qd2 c6 7. Bh6 Nbd7 8. h3
e5 9. Bxg7 Kxg7 10. O-O-O Qc7 11. g4 b5 12. g5 Nh5 13. Ne2 exd4 14. Qxd4+ Ne5
15. Ng3 Nxg3 16. fxg3 c5 17. Qe3 Nxf3 18. Qxf3 Qe7 19. h4 Bb7 20. Bg2 Rae8 21.
Rde1 f6 22. Qg4 Bc8 23. Qd1 fxg5 24. h5 Rf2 25. Bh3 g4 26. Bf1 Bd7 27. Kb1 Qe5
28. hxg6 hxg6 29. Qc1 g5 30. Rd1 Rh8 31. Rxh8 Kxh8 32. a4 Bc6 33. Bxb5 Bxe4 34.
Rd2 Rxd2 35. Qxd2 Kg7 36. Qf2 Bf3 37. Bd3 Kf6 38. Qh2 Kf7 39. Qh7+ Qg7 40. Qf5+
Ke7 41. Qc8 Qe5 42. Qc7+ Kf6 43. Qd8+ Qe7 44. Qh8+ Qg7 45. Qd8+ Qe7 46. Qh8+ Ke6
47. Qg8+ Kd7 48. Bf5+ Kc7 49. Qc8+ Kb6 50. Qb8+ Qb7 51. Qd8+ Qc7 52. Qxg5 d5 53.
Qf6+ Kb7 54. a5 d4 55. Qe5 Qxe5 56. Bd3 Kc7 57. a6 Qe1+ 58. Ka2 Qxg3 59. b4 Qd6
60. Kb2 cxb4 61. Bc4 Qc5 62. Bb3 Qb6 0-1

[Event "Titled Tue 26th Aug Early"]
[Site "chess.com INT"]
[Date "2025.08.26"]
[Round "6"]
[White "Bologan, Victor"]
[Black "Bortnyk, Olexandr"]
[Result "0-1"]
[WhiteTitle "GM"]
[BlackTitle "GM"]
[WhiteElo "2601"]
[BlackElo "2601"]
[WhiteFideId "13900048"]
[BlackFideId "14120828"]
[EventDate "2025.08.26"]

1. e4 Nf6 2. d3 d5 3. e5 Nfd7 4. d4 c5 5. c3 Nc6 6. Nf3 cxd4 7. cxd4 Nb6 8. h3
Bf5 9. Nc3 e6 10. Bd3 Bxd3 11. Qxd3 Be7 12. h4 a6 13. a3 Na5 14. Ne2 Qd7 15. b4
Nac4 16. Nf4 g6 17. Ne2 h6 18. Rb1 O-O-O 19. b5 axb5 20. Nc3 b4 21. axb4 Kc7 22.
O-O Rdg8 23. b5 g5 24. h5 Ra8 25. Nh2 Kb8 26. Ng4 Bd8 27. f4 gxf4 28. Bxf4 Ra3
29. Rf3 Bg5 30. Bxg5 hxg5 31. Nf6 Qc8 32. Rc1 Nd7 33. g4 Ndxe5 34. dxe5 Nxe5 35.
Qe3 Nxf3+ 36. Qxf3 d4 37. Qg3+ Ka8 38. Qd6 Ra4 39. Ne2 Qb8 40. Qxb8+ Kxb8 41.
Ng3 d3 42. Nge4 Rd4 43. Rd1 Ka7 44. Kf2 Kb6 45. Ke3 Rdd8 46. Rxd3 Rxd3+ 47. Kxd3
Kxb5 48. Nd6+ Ka6 49. Ke4 b5 50. Kd4 b4 51. Kc4 Ka5 52. Kb3 e5 53. Nde4 Rc8 54.
h6 Rc1 55. h7 Rb1+ 56. Kc2 Rh1 57. Nh5 Rh2+ 58. Kb3 Rh3+ 59. Kc4 b3 60. h8=Q b2
61. Qa8+ Kb6 0-1

[Event "Titled Tue 26th Aug Early"]
[Site "chess.com INT"]
[Date "2025.08.26"]
[Round "6"]
[White "Sai, Han Thiha"]
[Black "Smieszek, Wojciech"]
[Result "0-1"]
[WhiteTitle "FM"]
[BlackTitle "CM"]
[WhiteElo "2117"]
[BlackElo "2141"]
[WhiteFideId "13012290"]
[BlackFideId "1156047"]
[EventDate "2025.08.26"]

1. Nf3 Nf6 2. g3 c5 3. Bg2 Nc6 4. O-O g6 5. b3 Bg7 6. Bb2 O-O 7. c4 d6 8. d4
cxd4 9. Nxd4 Bd7 10. Nc2 Qc8 11. Nc3 Bh3 12. Ne3 Bxg2 13. Kxg2 a6 14. Rb1 Rb8
15. a4 Re8 16. Qd2 Ng4 17. Ncd5 Bxb2 18. Rxb2 Nxe3+ 19. Qxe3 Qd8 20. b4 b5 21.
cxb5 axb5 22. a5 Ne5 23. Nb6 Qc7 24. Rc1 Qb7+ 25. f3 Nd7 26. Nxd7 Qxd7 27. Rbc2
Rb7 28. h4 h5 29. Qd4 Qe6 30. e4 Rd8 31. Qd5 Qd7 32. Rc6 e6 33. Qd4 d5 34. e5
Kg7 35. Rd6 Qe7 36. Rxd8 Qxd8 37. a6 Rb8 38. a7 Ra8 39. Qc5 Qd7 40. Ra1 Qb7 41.
Ra5 Qd7 42. Kh3 d4 43. Rxb5 Qxa7 44. Qd6 Qa1 45. g4 Qh1+ 46. Kg3 Qg1+ 47. Kf4
hxg4 48. fxg4 Qf1+ 49. Ke4 Qxb5 50. h5 Qe2+ 51. Kxd4 Qd2+ 52. Kc5 Qxd6+ 53. exd6
gxh5 54. d7 hxg4 55. b5 g3 56. b6 g2 57. b7 Rd8 58. Kc6 g1=Q 59. Kc7 Rxd7+ 60.
Kxd7 Qb1 61. Kc8 f5 62. Kb8 f4 0-1

[Event "Titled Tue 26th Aug Early"]
[Site "chess.com INT"]
[Date "2025.08.26"]
[Round "6"]
[White "Krsnik Cohar, Ivan Vihor"]
[Black "Bluebaum, Matthias"]
[Result "1-0"]
[WhiteTitle "FM"]
[BlackTitle "GM"]
[WhiteElo "2362"]
[BlackElo "2660"]
[WhiteFideId "14520044"]
[BlackFideId "24651516"]
[EventDate "2025.08.26"]

1. d4 d5 2. Bf4 e6 3. c3 c5 4. e3 Nc6 5. Nd2 Bd6 6. Bg3 Nge7 7. Bd3 cxd4 8. exd4
O-O 9. Ngf3 f6 10. Qc2 h6 11. O-O Bxg3 12. hxg3 e5 13. dxe5 fxe5 14. Rad1 Qe8
15. Bb5 e4 16. Ne5 Qh5 17. Nxc6 bxc6 18. Ba4 Bg4 19. Rde1 Be2 20. Nxe4 Bxf1 21.
Nc5 Bxg2 22. Kxg2 Ng6 23. Ne6 Rf6 24. Bxc6 Rc8 25. Bd7 Rc4 26. Nd4 Ne5 27. Be6+
Rxe6 28. Nxe6 Ng4 29. Nf4 Qh2+ 30. Kf3 Nf6 31. Qg6 Re4 32. Nxd5 Rxe1 33. Nxf6+
Kf8 34. Nh7+ Kg8 35. Nf6+ Kf8 36. Nd7+ Ke7 37. Qxg7+ Kd8 38. Nf6 Qh1+ 39. Kf4
Qc6 40. Qf8+ Kc7 41. Qf7+ Kc8 42. Nd5 Qd6+ 43. Kf3 Re5 44. c4 h5 45. Qxa7 Rf5+
46. Kg2 Kd8 47. Qa8+ Kd7 48. Qb7+ Ke8 49. Qh7 Qe5 50. Qg8+ Kd7 51. Qh7+ Kd8 52.
Qg8+ Kd7 53. Qh7+ Kc8 54. Ne7+ Kb8 55. Nxf5 Qe4+ 56. Kh2 Qf3 57. Qg8+ Ka7 58.
Qf7+ Kb8 59. Nd6 Qe2 60. Qb7# 1-0

[Event "Titled Tue 26th Aug Early"]
[Site "chess.com INT"]
[Date "2025.08.26"]
[Round "6"]
[White "Rosen, Eric"]
[Black "Shearsby, Jude"]
[Result "1-0"]
[WhiteTitle "IM"]
[BlackTitle "CM"]
[WhiteElo "2377"]
[BlackElo "2270"]
[WhiteFideId "2032562"]
[BlackFideId "462527"]
[EventDate "2025.08.26"]

1. e4 Nf6 2. e5 Nd5 3. d4 b5 4. Bxb5 c5 5. Bc4 Bb7 6. Nf3 Nb6 7. Be2 cxd4 8.
Qxd4 Nc6 9. Qf4 Qc7 10. Nc3 O-O-O 11. Qxf7 Nxe5 12. Nxe5 Qxe5 13. Bf4 Qf6 14.
Nb5 e5 15. Qxf6 gxf6 16. Be3 Kb8 17. a4 d5 18. c3 Nc8 19. f3 a6 20. Na3 Bd6 21.
Kf2 d4 22. cxd4 exd4 23. Bxd4 Bxa3 24. Bxf6 Bc5+ 25. Kf1 Rhf8 26. Bxd8 Rxd8 27.
Rd1 Re8 28. Bd3 h5 29. h4 Nd6 30. Rh3 Rg8 31. Re1 Bc8 32. Rh1 Bf5 33. Rd1 Bxd3+
34. Rxd3 Nf5 35. Ke1 Rxg2 36. Kd1 Rxb2 37. Kc1 Rf2 38. Rhd1 Ne3 39. Re1 Rxf3 40.
Kb1 Kc7 41. Rc1 Kb6 42. Rb3+ Kc6 43. Rbc3 Kd5 44. Rxc5+ Kd4 45. Rc8 Rf4 46. Rd1+
Ke4 47. Re8+ Kf3 48. Rd3 Rb4+ 49. Ka2 Rxa4+ 50. Kb3 Re4 51. Rf8+ Rf4 52. Re8 Re4
53. Rh8 Ke2 54. Rdd8 Ng2 55. Rxh5 Nxh4 56. Ra5 Re3+ 57. Kc4 Nf3 58. Ra2+ Kf1 59.
Rf8 Kg1 60. Rg8+ Kf1 61. Rh8 Kg1 62. Kd5 Rd3+ 63. Ke4 Rb3 64. Rg8+ Kf1 65. Rf8
Rb8 66. Rxf3+ 1-0

[Event "Titled Tue 26th Aug Early"]
[Site "chess.com INT"]
[Date "2025.08.26"]
[Round "6"]
[White "Gutman, Gennadi"]
[Black "Sarveshwaran V"]
[Result "1-0"]
[WhiteTitle "GM"]
[BlackTitle "CM"]
[WhiteElo "2445"]
[BlackElo "2290"]
[WhiteFideId "14102277"]
[BlackFideId "25699016"]
[EventDate "2025.08.26"]

1. e4 g6 2. Nf3 Bg7 3. d4 d6 4. Nc3 Nd7 5. Bd3 c5 6. Be3 cxd4 7. Bxd4 Ngf6 8.
O-O O-O 9. h3 a6 10. a4 Qc7 11. Re1 e5 12. Be3 Nc5 13. Qd2 b6 14. Bg5 Bb7 15.
Rad1 Nfd7 16. Bf1 f5 17. Be7 fxe4 18. Bxd6 Qc6 19. Bc4+ Kh8 20. Bxf8 Rxf8 21.
Bd5 Qc7 22. Nxe4 Nxe4 23. Bxe4 Bd5 24. Qxd5 Nf6 25. Qxe5 Qc8 26. Qc3 Qb8 27. Qd3
Nh5 28. Qd6 Qc8 29. Ng5 Nf4 30. Qe7 Qc4 31. Rd7 Nh5 32. Bf3 Qc5 33. Bxh5 Qxf2+
34. Kh1 Qf6 35. Qxf6 Bxf6 36. Rxh7+ Kg8 37. Bxg6 Bxg5 38. Rb7 b5 39. Re8 Rxe8
40. Bxe8 bxa4 41. Ra7 a5 42. Rxa5 a3 43. Rxa3 Kf8 44. Rf3+ Kxe8 45. b3 Be7 46.
Kg1 Kd7 47. Kf1 Bb4 48. Ke2 Kd6 49. g4 Ke5 50. Kd3 Bd6 51. Rf5+ Ke6 52. Ke4 Be7
53. g5 Ba3 54. Rf6+ Ke7 55. h4 Bb2 56. Kf5 Bxf6 57. gxf6+ Kf7 58. h5 Kg8 59. h6
Kh7 60. b4 Kh8 61. b5 Kg8 62. b6 Kf8 63. b7 Kf7 64. c4 Kf8 65. b8=Q+ Kf7 66.
Qc7+ Kf8 67. Qe7+ Kg8 68. Qg7# 1-0

[Event "Titled Tue 26th Aug Early"]
[Site "chess.com INT"]
[Date "2025.08.26"]
[Round "6"]
[White "Kavyev, Ruslan"]
[Black "Shangin, Lev"]
[Result "0-1"]
[WhiteTitle "FM"]
[WhiteElo "2179"]
[BlackElo "2186"]
[WhiteFideId "34110981"]
[BlackFideId "55681085"]
[EventDate "2025.08.26"]

1. Nf3 Nf6 2. g3 b5 3. Bg2 Bb7 4. O-O c5 5. a4 b4 6. b3 d6 7. Bb2 e6 8. d3 Be7
9. e4 O-O 10. Re1 Nc6 11. Nbd2 Qc7 12. Nc4 Na5 13. Nxd6 Qxd6 14. e5 Qd8 15. exf6
Bxf6 16. Ne5 Bxg2 17. Kxg2 Qd5+ 18. Qf3 Qxf3+ 19. Kxf3 Rfd8 20. Rab1 Rd5 21. Re4
Kf8 22. Rbe1 Rad8 23. h4 h6 24. Bc1 Bxe5 25. Rxe5 Nc6 26. Rxd5 exd5 27. Be3 d4
28. Bf4 a5 29. h5 f6 30. Re6 Rc8 31. g4 Kf7 32. Re2 Ne7 33. Ke4 Re8 34. Kf3 Rc8
35. Bd6 Nd5 36. Bg3 Rd8 37. Kg2 Rd7 38. f4 Ne3+ 39. Kf3 Re7 40. f5 Rd7 41. Bf4
Nd5 42. Bd2 Re7 43. Rxe7+ Kxe7 44. Ke4 Kd6 45. Be1 Ne3 46. Bg3+ Kc6 47. Bh4 Nxc2
48. Bxf6 gxf6 49. g5 fxg5 50. f6 Kd7 51. Kf5 Ke8 52. Kg6 Kf8 53. Kxh6 Ne3 54.
Kxg5 Kg8 55. h6 Nd5 56. Kg6 Nxf6 57. Kxf6 c4 58. bxc4 b3 59. c5 b2 60. c6 b1=Q
61. Ke6 Qc2 62. Kd7 Qxa4 63. Kd6 Qxc6+ 64. Kxc6 a4 65. Kd5 a3 66. Kxd4 a2 67.
Kc3 a1=Q+ 0-1

[Event "Titled Tue 26th Aug Early"]
[Site "chess.com INT"]
[Date "2025.08.26"]
[Round "6"]
[White "Preobrazhenskaya, Diana"]
[Black "Ono, David"]
[Result "1-0"]
[WhiteTitle "WFM"]
[WhiteElo "2140"]
[BlackElo "2110"]
[WhiteFideId "34270566"]
[BlackFideId "146943"]
[EventDate "2025.08.26"]

1. e4 e5 2. Nf3 Nf6 3. Nxe5 d6 4. Nf3 Nxe4 5. d4 d5 6. Bd3 Nc6 7. O-O Be7 8.
Nbd2 Nxd2 9. Bxd2 O-O 10. h3 Be6 11. c3 h6 12. Re1 Qd7 13. Bf4 Rae8 14. Bc2 g5
15. Ne5 Nxe5 16. Bxe5 f5 17. Qh5 Kh7 18. Re3 Bf7 19. Qf3 Bg6 20. Rae1 Bd8 21.
R3e2 c6 22. Qg3 Qf7 23. f4 Rg8 24. Rf2 Bf6 25. fxg5 Bxg5 26. Ref1 Rgf8 27. h4 f4
28. hxg5 Bxc2 29. Qh4 Qg6 30. Rxc2 f3 31. Qxh6+ Qxh6 32. gxh6 fxg2 33. Rxg2
Rxf1+ 34. Kxf1 Kxh6 35. Ke2 Re7 36. Kd3 Rf7 37. Re2 Rf3+ 38. Re3 Rf2 39. Re2
Rf3+ 40. Kc2 Kg6 41. Bb8 Kf7 42. Bxa7 Rh3 43. Bc5 Kf6 44. a4 Rh1 45. a5 Ra1 46.
Ba3 Rh1 47. Re8 Rh2+ 48. Kb3 Rh7 49. Rb8 Ke6 50. Bc5 Kf5 51. Bb6 Ke4 52. Rc8 Kd3
53. Rc7 Rh1 54. Rxb7 Ra1 55. Rf7 Kd2 56. Rf2+ Kd3 57. Rf8 c5 58. dxc5 d4 59. Rd8
Kd2 60. Rxd4+ Kc1 61. Rf4 Kd2 62. c6 Rh1 63. c7 Rh8 64. Rd4+ Ke3 65. Rd8+ Ke2
66. Rxh8 Kd1 67. c8=Q Kc1 68. Qe6 Kd2 69. Qd5+ Kc1 70. Rh1# 1-0

[Event "Titled Tue 26th Aug Early"]
[Site "chess.com INT"]
[Date "2025.08.26"]
[Round "6"]
[White "Carafizi, Vasile"]
[Black "Jasinski, Alexander"]
[Result "0-1"]
[WhiteTitle "FM"]
[WhiteElo "2134"]
[BlackElo "2063"]
[WhiteFideId "4002539"]
[BlackFideId "55627994"]
[EventDate "2025.08.26"]

1. c4 Nf6 2. Nc3 g6 3. g3 Bg7 4. Bg2 O-O 5. d4 d6 6. Nf3 Nc6 7. O-O a6 8. d5 Na5
9. Nd2 c5 10. Qc2 Rb8 11. b3 b5 12. cxb5 axb5 13. Rb1 b4 14. Nd1 Ba6 15. Re1 Qd7
16. Bb2 Rfc8 17. Ne3 Qb5 18. Ndc4 Nxc4 19. Nxc4 Qb7 20. Rbd1 Bxc4 21. Qxc4 Ra8
22. Ra1 Qa6 23. Qc2 c4 24. bxc4 Qxc4 25. Qb3 Nd7 26. Bxg7 Kxg7 27. Bh3 f5 28.
Qb2+ Qc3 29. Qb1 Nf6 30. Bg2 Ra7 31. e4 fxe4 32. Bxe4 Nxe4 33. Qxe4 b3 34. Kg2
bxa2 35. Qf4 Qf6 36. Qe4 Qb2 37. Qe3 Rcc7 38. h3 Qf6 39. h4 h5 40. Qd2 Ra3 41.
Rxa2 Qf3+ 42. Kg1 Rd3 43. Qe2 Qxd5 44. Ra8 Qxa8 45. Qxd3 Qf8 46. Qd4+ Qf6 47.
Qe3 e5 48. Re2 Rd7 49. Kg2 d5 50. Qxe5 Qxe5 51. Rxe5 d4 52. Re2 Kf6 53. Rd2 Ke5
54. Kf3 Kd5 55. Ke2 Kc4 56. f4 Kc3 57. Rd3+ Kc2 58. Rd2+ Kc3 59. Rd3+ Kc4 60.
Rd2 Re7+ 61. Kf3 Re3+ 62. Kf2 Kc3 63. Rd1 Re8 64. Rc1+ Kd2 65. Ra1 d3 66. Ra2+
Kd1 67. Ra1+ Kc2 68. Ra2+ Kb3 69. Rd2 Kc3 70. Ra2 d2 0-1

[Event "Titled Tue 26th Aug Early"]
[Site "chess.com INT"]
[Date "2025.08.26"]
[Round "6"]
[White "Szpar, Milosz"]
[Black "Reprintsev, Alexander"]
[Result "1-0"]
[WhiteTitle "GM"]
[BlackTitle "IM"]
[WhiteElo "2490"]
[BlackElo "2256"]
[WhiteFideId "1184989"]
[BlackFideId "14100541"]
[EventDate "2025.08.26"]

1. e4 d5 2. exd5 Qxd5 3. Nc3 Qa5 4. d4 Nf6 5. Nf3 Nc6 6. Bd2 a6 7. h3 e5 8. dxe5
Nxe5 9. Qe2 Bd6 10. b4 Qxb4 11. Nxe5 O-O 12. Nd3 Qa3 13. Qf3 Bd7 14. Be2 Bc6 15.
Qf5 Rae8 16. O-O Ne4 17. Nxe4 Bxe4 18. Qh5 g6 19. Qh6 Bxg2 20. Kxg2 Rxe2 21.
Rae1 Rfe8 22. Rxe2 Rxe2 23. Re1 Bf8 24. Rxe2 Bxh6 25. Bxh6 Qa4 26. Nc5 Qc6+ 27.
f3 f6 28. Ne4 Kf7 29. h4 b5 30. Bc1 Qc4 31. Kf2 Qxa2 32. Be3 Qe6 33. Bd4 Qh3 34.
Bxf6 h6 35. Rd2 Ke6 36. Bc3 Qxh4+ 37. Ke3 Qe7 38. Re2 Kf7 39. Kd3 Qd7+ 40. Ke3
Qd5 41. Rd2 Qe6 42. Kf2 Qf5 43. Rd8 Qf4 44. Rh8 Qh2+ 45. Ke3 c5 46. Rh7+ Ke6 47.
Nxc5+ Kd5 48. Ne4 a5 49. Rd7+ Kc6 50. Rd6+ Kb7 51. Bxa5 Qxc2 52. Bc3 Qc1+ 53.
Bd2 Qg1+ 54. Ke2 b4 55. Bxb4 h5 56. Bc5 Qg2+ 57. Bf2 g5 58. Rb6+ Kc7 59. Rg6 g4
60. Rg7+ Kd8 61. Rf7 gxf3+ 62. Rxf3 h4 63. Ke3 Qg4 64. Rf4 Qd7 65. Bxh4+ Ke8 66.
Nf6+ 1-0

[Event "Titled Tue 26th Aug Early"]
[Site "chess.com INT"]
[Date "2025.08.26"]
[Round "6"]
[White "Osetrov, Dmitrij"]
[Black "Arnold, Rhys"]
[Result "0-1"]
[WhiteTitle "CM"]
[BlackTitle "FM"]
[WhiteElo "2202"]
[BlackElo "2269"]
[WhiteFideId "44139713"]
[BlackFideId "1068849"]
[EventDate "2025.08.26"]

1. Nf3 d5 2. d4 Nf6 3. c4 e6 4. g3 Be7 5. Bg2 O-O 6. O-O dxc4 7. Ne5 c5 8. dxc5
Bxc5 9. Nxc4 Nc6 10. Nc3 Qe7 11. e3 Rd8 12. Qe2 Bd7 13. a3 a5 14. Na4 b5 15.
Nxc5 Qxc5 16. Nd2 Rac8 17. Nb3 Qb6 18. Bd2 a4 19. Nc1 e5 20. Na2 Be6 21. Rfc1
Bc4 22. Qe1 e4 23. Nc3 Re8 24. Ne2 Ne5 25. Ba5 Qb7 26. Rd1 Nd3 27. Qd2 Bb3 28.
Rdb1 Qa7 29. Nd4 Bc4 30. Bc3 Ng4 31. Rf1 Nge5 32. Bxe4 Nc5 33. Bg2 Bxf1 34. Rxf1
Nc4 35. Qe2 Ne4 36. Bxe4 Rxe4 37. Nf5 f6 38. Qf3 Rce8 39. Qg2 Qf7 40. h4 Qe6 41.
Nd4 Qd7 42. Nf3 R4e6 43. Nd4 Rd6 44. Qf3 Rd5 45. Qg2 h6 46. Re1 Nd6 47. Nf3 Ne4
48. Bd4 Rc8 49. Nh2 f5 50. Rf1 Rc2 51. Nf3 Qc7 52. Ne1 Rd2 53. Nf3 Re2 54. Ne1
Nd2 55. Nd3 Rxd4 56. exd4 Nxf1 57. Qxf1 Rc2 58. Kg2 Qc4 59. Qd1 Kh7 60. Nf4 Rxb2
61. d5 Qc2 62. Qd4 Rb4 63. Qc4 Rxc4 64. d6 Rd4 65. d7 Rxd7 66. Ne6 Qe4+ 67. f3
Qxe6 68. Kh3 Rd2 69. g4 Qe2 70. Kg3 Qh2# 0-1

[Event "Titled Tue 26th Aug Early"]
[Site "chess.com INT"]
[Date "2025.08.26"]
[Round "6"]
[White "Kuznecova, Marija"]
[Black "Pavlidou, Ekaterini"]
[Result "1/2-1/2"]
[WhiteTitle "WFM"]
[BlackTitle "WIM"]
[WhiteElo "2207"]
[BlackElo "2217"]
[WhiteFideId "11618736"]
[BlackFideId "4213262"]
[EventDate "2025.08.26"]

1. e4 c5 2. Nf3 Nc6 3. Nc3 e6 4. d4 cxd4 5. Nxd4 Nf6 6. Ndb5 Bc5 7. Bf4 O-O 8.
Bd6 Qb6 9. Bxc5 Qxc5 10. Nd6 Ne8 11. Nxc8 Rxc8 12. Bd3 d5 13. exd5 exd5 14. O-O
Nf6 15. Qf3 Ne5 16. Qg3 Nxd3 17. Qxd3 d4 18. Ne4 Nxe4 19. Qxe4 Qxc2 20. Qxd4
Rfd8 21. Qe5 Rd2 22. b3 h6 23. Qe7 Rc7 24. Qe8+ Kh7 25. h4 Re2 26. Qd8 Rce7 27.
Qd5 g6 28. h5 R2e5 29. hxg6+ Qxg6 30. Qd4 Rg5 31. g3 Re2 32. Qf4 Rf5 33. Qh4 Rf3
34. Rae1 Rfxf2 35. Rxf2 Rxe1+ 36. Kh2 Re5 37. Qf4 Rh5+ 38. Kg1 Kg7 39. Qd4+ Kh7
40. Qf4 Kg8 41. Qb8+ Kg7 42. Qf4 Rd5 43. Kg2 Rd1 44. Qe5+ Kh7 45. Qe7 Qc6+ 46.
Kh3 Rh1+ 47. Kg4 Qg6+ 48. Kf3 Qf5+ 49. Ke2 Qc2+ 50. Kf3 Qc6+ 51. Kg4 Qg6+ 52.
Kf3 Rd1 53. Kg2 Rd3 54. Qe5 h5 55. Qf4 Kg7 56. Qe5+ Kg8 57. Qf4 Rd7 58. Qb8+ Kg7
59. Qxa7 Rd3 60. Qb8 Qc6+ 61. Kh2 Rd1 62. Qe5+ Kg8 63. Qb8+ Kh7 64. Rg2 Qg6 65.
Qf4 Rd5 66. Rf2 Kg7 67. Qf3 Rg5 68. a4 h4 69. gxh4 Qd6+ 70. Kh3 Qe6+ 71. Kh2
Qd6+ 72. Kh3 Qe6+ 73. Kh2 Qd6+ 1/2-1/2

[Event "Titled Tue 26th Aug Early"]
[Site "chess.com INT"]
[Date "2025.08.26"]
[Round "6"]
[White "Essing, Arnold"]
[Black "Alonso Rosell, Alvar"]
[Result "0-1"]
[WhiteTitle "FM"]
[BlackTitle "GM"]
[WhiteElo "2206"]
[BlackElo "2536"]
[WhiteFideId "4619862"]
[BlackFideId "2270544"]
[EventDate "2025.08.26"]

1. d4 Nf6 2. Nf3 c5 3. d5 b5 4. c4 b4 5. a3 g6 6. axb4 cxb4 7. b3 Bg7 8. Bb2 O-O
9. Nbd2 a5 10. e4 d6 11. Nd4 Nfd7 12. Be2 Qb6 13. N2f3 Nc5 14. Qc2 a4 15. bxa4
b3 16. Qd2 Nxe4 17. a5 Qb7 18. Qe3 Qb4+ 19. Nd2 Nc5 20. O-O Na4 21. Ba3 Qxa5 22.
N2xb3 Qc3 23. Rac1 Qxe3 24. fxe3 Nd7 25. Nc6 Re8 26. Nbd4 Bb7 27. Nb5 Rac8 28.
Nba7 Ra8 29. Nb5 Nac5 30. Bxc5 Nxc5 31. Nc7 Bh6 32. Rf3 Rac8 33. Nxe8 Rxe8 34.
Rb1 Bxc6 35. dxc6 Rc8 36. Rb6 Na4 37. Ra6 Nc5 38. Ra7 Kf8 39. c7 Ne6 40. c5 d5
41. Ba6 Rxc7 42. Rxc7 Nxc7 43. Bb7 Bg5 44. Kf2 h5 45. Ke2 e6 46. Rf1 Ke7 47. Ra1
Kd7 48. c6+ Kd6 49. Rb1 Bf6 50. h3 Be5 51. g4 hxg4 52. hxg4 g5 53. Rh1 d4 54.
exd4 Bxd4 55. Rh7 Ke7 56. Rh5 Bf6 57. Kd3 Nd5 58. Kc4 Kd6 59. Kb5 Nc7+ 60. Kb6
Bd4+ 61. Ka5 Bf6 62. Rh6 Bd8 63. Kb4 Nd5+ 64. Kc4 Ne3+ 65. Kd3 Nxg4 66. Rh7 Ne5+
67. Ke2 g4 68. Rh8 Bb6 69. Rg8 f5 0-1